Northern Mariana Islands Trivia - Statistics

General Stats
  • This quiz has been taken 154 times
  • The average score is 9 of 16
Answer Stats
Hint Answer % Correct
U.S.A.
93%
Japan
91%
This island is part of the Mariana Islands, but is a separate U.S. Territory, its capital is Hagåtña Guam
90%
The Northern Mariana Islands are part of this area in the Pacific Ocean Micronesia
87%
Countries that have held possession of the Northern Mariana Islands Spain
85%
The Mariana Islands and Hawaii are the world's foremost consumers, per capita, of this canned meat Spam
70%
The first Europeans to arrive in the Mariana Islands were led by this Portuguese explorer Ferdinand Magellan
68%
Germany
65%
Largest of the three principal islands, it is the capital and largest city Saipan
54%
These people are indigenous to the Mariana Islands Chamorro
41%
The second largest of the three principal islands, it was the takeoff point for the Enola Gay, which dropped the atomic bomb over Hiroshima Tinian
32%
The smallest of the three principal islands, it is also the southernmost of the Northern Mariana Islands and is also known as the "Friendly Island" Rota
24%
This stratovolcano has an elevation of 3,166 feet (965 m), making it the highest point in the Northern Mariana Islands Mount Agrihan
16%
The islands were named after the Spanish queen Mariana of Austria, who was the wife of this king Felipe IV
13%
Governor Ralph Torres
13%
A local dish similar to ceviche Kelaguen
11%
No matching quizzes found
Score Distribution
Percent of People with Each Score
Percentile by Number Answered
Your Score History
You have not taken this quiz